Endividamento público do Estado de Mato Grosso - 1991/2003 / (Record no. 1040)
[ view plain ]
| 000 -LÍDER | |
|---|---|
| Campo Fixo de Controle | 00686nam a2200229 a 4500 |
| 001 - NÚMERO DE CONTROLE | |
| Campo de Controle | 1040 |
| 003 - IDENTIFICAÇÃO DO NÚMERO DE CONTROLE | |
| Campo de Controle | BR-CuiBMT |
| 005 - DATA E HORA DA ÚLTIMA ATUALIZAÇÃO | |
| Campo de Controle | 20231127202315.0 |
| 008 - DADOS FIXOS | |
| Dados Fixos | 231127s2005 mtba 000 0 por d |
| 020 ## - INTERNATIONAL STANDARD BOOK NUMBER | |
| Nº do ISBN | 8588696274 |
| 040 ## - AGÊNCIA CATALOGADORA | |
| Código da Agência Catalogadora | BR-CuiBMT |
| Agência que transcreveu o registro | BR-CuiBMT |
| 080 ## - Nº DA CLASSIFICAÇÃO DECIMAL UNIVERSAL | |
| Nº edição CDU | 2007 |
| Nº Class. CDU | 336.27 |
| Subd. Auxiliar Comum | (817.2) |
| 090 ## - NÚMERO DE CHAMADA | |
| Nº classificação | 336.27(817.2) |
| Cutter | T314e |
| 100 1# - ENTRADA PRINCIPAL -- AUTOR PESSOAL | |
| Nome pessoal | Teodoro, Rodinei Alves |
| 245 10 - TÍTULO PRINCIPAL | |
| Título principal | Endividamento público do Estado de Mato Grosso - 1991/2003 / |
| Indicação de responsabilidade | Rodinei Alves Teodoro. |
| 260 ## - PUBLICAÇÃO, DISTRIBUIÇÃO, ETC. | |
| Local de publicação | Cuiabá : |
| Editora | Central de Texto, |
| Data | 2005. |
| 300 ## - DESCRIÇÃO FÍSICA | |
| N. páginas ou volumes | 127 p. ; |
| Dimensões | 23 cm |
| 504 ## - NOTA DE BIBLIOGRAFIA, ETC. | |
| Nota de bibliografia | Inclui bibliografia. |
| 650 ## - ASSUNTO TÓPICO | |
| Cabeçalho tópico ou nome geográfico | Contabilidade pública |
| 650 ## - ASSUNTO TÓPICO | |
| Cabeçalho tópico ou nome geográfico | Dívida Pública |
| Subdivisão geográfica | Mato Grosso |
| 942 ## - ELEMENTOS DE ENTRADA ADICIONAIS (KOHA) | |
| Fonte de classificação ou esquema de arquivamento | Classificação Decimal Universal |
| Tipo de item do Koha | Livros |
| Estado: removido | Estado: perdido | Fonte de classificação ou esquema de arquivamento | Estado: danificado | Indisponível para empréstimo | Localização permanente | Localização atual | Data de aquisição | Total Checkouts | Número de Chamada completo | Código de barras | Date last seen | Número do exemplar | Preço efetivo a partir de | Tipo de item (Koha) |
|---|---|---|---|---|---|---|---|---|---|---|---|---|---|---|
| Classificação Decimal Universal | Biblioteca da Escola Superior de Contas do TCE/MT | Biblioteca da Escola Superior de Contas do TCE/MT | 27/11/2023 | 336.27(817.2) T314e | BIBTCEMT23111164 | 27/11/2023 | Ex. 1 | 27/11/2023 | Livros | |||||
| Classificação Decimal Universal | Biblioteca da Escola Superior de Contas do TCE/MT | Biblioteca da Escola Superior de Contas do TCE/MT | 28/11/2023 | 336.27(817.2) T314e | BIBTCEMT23111235 | 28/11/2023 | Ex. 2 | 28/11/2023 | Livros |